Chanson à trous : Stromae - Tous les mêmes - Statistiques

Statistiques générales
  • Ce quiz a été pris 442 fois
  • Le résultat moyen est 12 sur 13
Statistiques - réponses
Couplets Tous les mêmes % Correct
4 Cette fois c'était la dernière, tu peux croire que c'est qu'une crise Mate une dernière fois mon derrière, il est à côté de mes {valises}
95%
5 Tu diras au revoir à {ta} {mère}, elle qui t'idéalise Tu n'vois même pas tout c'que tu perds avec une autre ce serait pire
95%
1 Vous les hommes vous êtes tous les mêmes Macho mais cheap, bande de mauviettes {infidèles}
94%
2 Si prévisibles, non je ne suis pas certaine, que-que-que tu l'mérites Z'avez d'la chance {qu}'{on} {vous} {aime} Dis-moi "merci"
92%
6 Quoi toi aussi tu veux finir maintenant? C'est le {monde} {à} {l}'{envers} Moi, je l'disais pour t'faire réagir seulement, toi t'y pensais
91%
3 Rendez-vous, rendez-vous, rendez-vous au prochain règlement Rendez-vous, rendez-vous, rendez-vous sûrement aux {prochaines} {règles}
91%
7 Rendez-vous, rendez-vous, rendez-vous au prochain règlement Rendez-vous, rendez-vous, rendez-vous sûrement aux {prochaines} {règles}
91%
13 Rendez-vous, rendez-vous, rendez-vous au prochain règlement Rendez-vous, rendez-vous, rendez-vous sûrement aux {prochaines} {règles} Tous les mêmes, tous les mêmes, tous les mêmes et y'en a marre
91%
12 Moche ou bête (c'est jamais bon) Bête ou belle (c'est jamais bon) Belle ou moi (c'est jamais bon) Moi ou {elle} (c'est jamais bon)
89%
9 Ce que t'appelles les ragnagnas, tu sais la vie, c'est des {enfants} Mais comme toujours, c'est pas l'bon moment
86%
8 Facile à dire, je suis gnangnan Et que j'aime trop les bla-bla-bla, mais non, non, non, c'est {important}
84%
10 Mais comme toujours, c'est pas l'bon moment Ah oui pour les faire là, tu es présent, mais {pour} {les} {élever} y aura qu'des absents
83%
11 Lorsque je n'serais plus belle ou du moins au naturel Arrête je sais que tu mens, il n'y a que {Kate} {Moss} qui est éternelle
77%
Aucun quiz correspondant
Distribution des résultats
% des personnes avec chaque résultat
Percentile par nombre de réponses
Votre historique - résultats
Vous n’avez pas pris ce quiz